000 00563nam a2200157 i 4500
001 82845
003 ES-MaACL
005 20230906174736.0
007 t|
008 041112s1962 sp ||||1| spa d
110 2 _aInstituto de Hermanos Maristas.
_94950
245 1 0 _aCrónicas del Instituto de Hermanos Maristas
_b: enseñanzas espirituales del Beato Marcelino Champagnat, fundador recogidas y expuestas por uno de sus primeros discípulos.
260 _aZaragoza :
_bLuis Vives,
_c[1962]
300 _a391 p. ;
_c22 cm.
852 _aES-MaACL
_jC-22050
_bR.50482
999 _c82845
_d82845